LEADER 01616nam--2200481---450- 001 990002781510203316 005 20091028090227.0 010 $a88-464-5141-4 035 $a000278151 035 $aUSA01000278151 035 $a(ALEPH)000278151USA01 035 $a000278151 100 $a20060714d2004----km-y0itay0103----ba 101 $aita 102 $aIT 105 $a||||||||001yy 200 1 $a<> governo del processo strategico nelle aziende sanitarie$eattori, strumenti e sistemi regionali a confronto$fPaola Olimpia Achard, Valentina Castello, Silvia Profili$gpresentazione di F. Fontana 210 $aMilano$cF. Angeli$dc2004 215 $a174 p.$d23 cm 225 2 $aSanità$v19 410 0$12001$aSanità$v19 454 1$12001 461 1$1001-------$12001 606 0 $aAziende sanitarie locali$xGestione 676 $a362.1068 700 1$aACHARD,$bPaola Olimpia$0117811 701 1$aCASTELLO,$bValentina$0542669 701 1$aPROFILI,$bSilvia$0594079 801 0$aIT$bsalbc$gISBD 912 $a990002781510203316 951 $aP07 645$bDISTRA 951 $a362.106 ACH 1 a$b18249 EC.$c362.106$d00229531 951 $a362.106 ACH 1$b18250 EC.$c362.106$d00229632 959 $aBK 969 $aDISTRA 969 $aECO 979 $aDISTRA1$b90$c20060714$lUSA01$h1405 979 $aFIORELLA$b90$c20091028$lUSA01$h0853 979 $aFIORELLA$b90$c20091028$lUSA01$h0856 979 $aFIORELLA$b90$c20091028$lUSA01$h0858 979 $aFIORELLA$b90$c20091028$lUSA01$h0902 996 $aGoverno del processo strategico nelle aziende sanitarie$9996754 997 $aUNISA LEADER 01165nam--2200385---450- 001 990000416590203316 005 20050920140033.0 010 $a88-15-04238-5 035 $a0041659 035 $aUSA010041659 035 $a(ALEPH)000041659USA01 035 $a0041659 100 $a20010426h----1993km-y0itay0103----ba 101 $ait 102 $aITA 105 $a||||||||001yy 200 1 $a<> elisio effimero$escrittori in giardino$fBruno Basile 210 $aBologna$cIl Mulino$h1993 215 $a195 p.$d22 cm 225 2 $aRicerca$iLinguistica e critica letteraria 410 $12001$aRicerca$iLinguistica e critica letteraria 606 0 $aGiardini nella letteratura$zSec. 16.-19. 676 $a809.9336 700 1$aBASILE,$bBruno$033583 801 0$aIT$bsalbc$gISBD 912 $a990000416590203316 951 $aVIII.3. 775(VI B COLL. 68/59)$b128300 LM$cVI B COLL. 959 $aBK 969 $aUMA 979 $aPATTY$b90$c20010426$lUSA01$h0933 979 $c20020403$lUSA01$h1649 979 $aPATRY$b90$c20040406$lUSA01$h1629 979 $aCOPAT6$b90$c20050920$lUSA01$h1400 996 $aElisio effimero$9875015 997 $aUNISA LEADER 01104nam--2200361---450- 001 990005933380203316 005 20140303104846.0 010 $a978-88-6250-509-3 035 $a000593338 035 $aUSA01000593338 035 $a(ALEPH)000593338USA01 035 $a000593338 100 $a20140303d2013----km-y0itay50------ba 101 $aita 102 $aIT 105 $a||||||||001yy 200 1 $a<> gomma artificiale$eGiulio Natta e i laboratori Pirelli$finterventi di Italo Pasquon ... [et al.]$ga cura di Pietro Redondi 210 $aMilano$cGuerini e associati$d2013 215 $a261 p.$d20 cm 225 2 $aQuaderni$v2 410 0$aQuaderni,$v2 606 0 $aPirelli$xOfficine Bicocca$xGomme sintetiche$xProduzione$2BNCF 676 $a338.767830945211 702 1$aPASQUON,$bItalo 702 1$aREDONDI,$bPietro 801 0$aIT$bsalbc$gISBD 912 $a990005933380203316 951 $a338.767 GOM 1$b20867 E.C.$c338.767$d00352856 959 $aBK 969 $aECO 979 $aCHIARA$b90$c20140303$lUSA01$h1048 996 $aGomma artificiale$91071557 997 $aUNISA LEADER 01260nam--2200373---450 001 990005862460203316 005 20210205112315.0 010 $a978-88-8450-392-3 035 $a000586246 035 $aUSA01000586246 035 $a(ALEPH)000586246USA01 035 $a000586246 100 $a20130625d2010----km-y0itay50------ba 101 0 $afre$aeng$ager 102 $aIT 105 $aa---||||001yy 200 1 $aChasses aux sorcières et dèmonologie$eentre discours et pratiques (XIV-XVII siècles)$ftextes rèunis par Martine Ostorero, Georg Modestin et Kathrin Utz Tremp 210 $aFirenze$cSismel Edizioni del Galluzzo$d2010 215 $aXXVII, 447 p.$cill.$d21 cm 225 2 $aMicrologus? library$v36 300 $aParte delle relazioni presentate al Convegno tenuto a Losanna nel 2008 410 0$12001$aMicrologus? library$v36 606 0 $aStreghe$xProcesso$zSec. 14.-17.$2BNCF 676 $a940.19 702 1$aOSTORERO,$bMartine 702 2$aMODESTIN,$bGeorg 702 2$aUTZ TREMP,$bKathrin 801 0$aIT$bsalbc$gISBD 912 $a990005862460203316 951 $aX.2.B. 2232$b240813 L.M.$cX.2.B.$d00319804 959 $aBK 969 $aUMA 996 $aChasses aux sorcières et dèmonologie$9839561 997 $aUNISA